000 00387nam a2200121Ia 4500
008 210430s9999 xx 000 0 und d
082 _a500 N 457
100 _aDr.Arshad Munir
_954092
245 _aProceedings of 7th International Bhurban Conference on Applied Sciences & Technology
_cDr.Arshad Munir
260 _aIslamabad
_bDr.Arshad Munir
_c2010
300 _a308p
942 _cBK
_2ddc
999 _c564554
_d564554